| 000 | 01136cam a2200349 i 4500 | ||
|---|---|---|---|
| 001 | 10489449 | ||
| 003 | OSt | ||
| 005 | 20180116192432.0 | ||
| 008 | 130510t20132013enka 000 0 eng d | ||
| 020 | _a9781907896262 (paperback) | ||
| 020 | _a1907896260 (paperback) | ||
| 024 | _a99955239380 | ||
| 035 | _a(OCoLC)ocn847541709 | ||
| 035 | _a(OCoLC)847541709 | ||
| 035 | _a(NNC)10489449 | ||
| 040 |
_aUKMGB _beng _erda _cUKMGB _dOCLCO _dEYM _dNhCcYBP |
||
| 050 | 4 |
_aNA2705 _b.D73 2013 |
|
| 082 | 0 | 4 |
_a720.284 _223 |
| 245 | 0 | 0 |
_aDrawings that count : _bthe work of Diploma 15 / _c[edited by Francesca Hughes]. |
| 260 |
_bAA Publisher, _c2013. |
||
| 300 |
_a192 pages : _billustrations (black and white, and colour) ; _c25 cm. |
||
| 490 | 1 |
_aAA agendas ; _v12 |
|
| 650 | 0 |
_aArchitectural drawing. _98474 |
|
| 650 | 0 |
_aArchitectural design. _98475 |
|
| 650 | 0 |
_aContext effects (Psychology) _98476 |
|
| 700 | 1 |
_aHughes, Francesca, _eeditor. _98477 |
|
| 710 | 2 |
_aArchitectural Association (Great Britain) _98478 |
|
| 830 | 0 |
_aAA agendas ; _vno. 12. _98479 |
|
| 942 |
_2ddc _cBK |
||
| 948 | 1 |
_a20140326 _bc _ctp2276 _dMPS |
|
| 999 |
_c354160 _d354160 |
||